[Event "Scandinavian Open 2009"]
[Site "Valby"]
[Date "2009.04.25"]
[Round "10"]
[White "Brynell, Stellan"]
[Black "Drozdovskij, Yuri"]
[Result "1/2-1/2"]
[WhiteElo "2463"]
[BlackElo "2603"]
[PlyCount "22"]
[EventDate "2009.04.18"]


1. d4 Nf6 2. c4 e6 3. Nf3 d5 4. Nc3 Bb4 5. cxd5 exd5 6. Bg5 Nbd7 7. e3 c5 8.
Be2 Qa5 9. O-O O-O 10. dxc5 Bxc3 11. bxc3 Ne4 1/2-1/2

[Event "Scandinavian Open 2009"]
[Site "Valby"]
[Date "2009.04.25"]
[Round "10"]
[White "Grabarczyk, Miroslaw"]
[Black "Grandelius, Nils"]
[Result "1/2-1/2"]
[WhiteElo "2469"]
[BlackElo "2491"]
[PlyCount "52"]
[EventDate "2009.04.18"]


1. d4 Nf6 2. c4 e6 3. Nf3 d5 4. Nc3 dxc4 5. e3 a6 6. a4 c5 7. Bxc4 Nc6 8. O-O
Be7 9. d5 exd5 10. Nxd5 O-O 11. Nxe7+ Qxe7 12. Bd2 Bg4 13. Bc3 Rad8 14. Qc2 Ne4
15. Rad1 Nxc3 16. Qxc3 Bxf3 17. gxf3 Ne5 18. Be2 Rfe8 19. f4 Ng6 20. Rxd8 Rxd8
21. Rd1 Rxd1+ 22. Bxd1 Qd6 23. Be2 Qc6 24. Qa5 h6 25. Qd8+ Kh7 26. Bc4 Nxf4
1/2-1/2

[Event "Scandinavian Open 2009"]
[Site "Valby"]
[Date "2009.04.25"]
[Round "10"]
[White "Hoi, Carsten"]
[Black "Haub, Thorsten Michael"]
[Result "0-1"]
[WhiteElo "2387"]
[BlackElo "2448"]
[PlyCount "84"]
[EventDate "2009.04.18"]


1. d4 g6 2. e4 Bg7 3. c4 d6 4. Nc3 a6 5. Be3 e6 6. Qd2 h6 7. O-O-O Ne7 8. g4 d5
9. f3 Nd7 10. exd5 exd5 11. c5 Nf8 12. Bd3 h5 13. gxh5 Rxh5 14. Nge2 Ne6 15.
Ng3 Rh4 16. Nce2 Nc6 17. f4 f5 18. Bc2 Qf6 19. Bb3 Bd7 20. Bxd5 O-O-O 21. Qc3
Be8 22. Qc4 Na5 23. Bxb7+ Nxb7 24. c6 Bxc6 25. Qxc6 Nxf4 26. Qf3 Nxe2+ 27. Nxe2
Re8 28. Bd2 Rhe4 29. Nc3 Rxd4 30. Be3 Rc4 31. Bd2 Qc6 32. Qg3 Nc5 33. Rhg1 Re6
34. Kb1 Bxc3 35. Bxc3 Ne4 36. Qh3 Nf2 37. Qh8+ Re8 38. Qg7 Nxd1 39. Rxd1 f4 40.
a3 f3 41. Qf7 g5 42. h3 Rf4 0-1

[Event "Scandinavian Open 2009"]
[Site "Valby"]
[Date "2009.04.25"]
[Round "10"]
[White "Semcesen, Daniel"]
[Black "Tikkanen, Hans"]
[Result "1-0"]
[WhiteElo "2387"]
[BlackElo "2425"]
[PlyCount "51"]
[EventDate "2009.04.18"]


1. c4 e5 2. Nc3 d6 3. e3 g6 4. d4 Nd7 5. g3 Bg7 6. Bg2 Ne7 7. Nge2 O-O 8. O-O
f5 9. dxe5 dxe5 10. e4 Nc6 11. Be3 Nb6 12. Bc5 f4 13. Bxf8 Qxf8 14. f3 Be6 15.
b3 Rd8 16. Nd5 g5 17. Qe1 Qf7 18. Kh1 Bf8 19. Rd1 Bc5 20. gxf4 exf4 21. Qc3 Bd6
22. Nf6+ Kf8 23. c5 Be7 24. Rxd8+ Bxd8 25. cxb6 Qxf6 26. Qxc6 1-0

[Event "Scandinavian Open 2009"]
[Site "Valby"]
[Date "2009.04.25"]
[Round "10"]
[White "Zdebskaja, Natalia"]
[Black "Sachdev, Tania"]
[Result "1-0"]
[WhiteElo "2438"]
[BlackElo "2423"]
[PlyCount "117"]
[EventDate "2009.04.18"]


1. e4 e5 2. Nf3 Nc6 3. Bb5 a6 4. Ba4 Nf6 5. O-O b5 6. Bb3 Bc5 7. c3 d6 8. d4
Bb6 9. h3 O-O 10. Re1 h6 11. Be3 Re8 12. Nbd2 Bb7 13. d5 Ne7 14. Bxb6 cxb6 15.
Bc2 Ng6 16. Bd3 Bc8 17. a4 bxa4 18. Qxa4 Nf4 19. Bf1 Qc7 20. Qc6 Qxc6 21. dxc6
d5 22. exd5 N6xd5 23. Rxe5 Rxe5 24. Nxe5 Kf8 25. Kh2 f6 26. Nec4 Ke7 27. g3 Ne6
28. Bg2 Nec7 29. Re1+ Be6 30. Nb3 b5 31. Nd4 bxc4 32. Nxe6 Kd6 33. Nxc7 Nxc7
34. Rd1+ Kc5 35. Rd7 Kb6 36. Rd4 Kb5 37. Bf1 Re8 38. Rxc4 a5 39. Re4+ Kxc6 40.
Rxe8 Nxe8 41. Kg2 Kc5 42. Kf3 Nd6 43. b3 Ne8 44. Ke4 Nc7 45. Kf5 Nd5 46. b4+
axb4 47. cxb4+ Kxb4 48. Kg6 Kc3 49. Kxg7 Kd2 50. Bc4 Nb6 51. Be6 Ke2 52. f4 Kf3
53. Kxf6 Kxg3 54. Ke5 Kh4 55. f5 Kg5 56. h4+ Kh5 57. Kf4 Kxh4 58. f6 h5 59. Kf5
1-0

[Event "Scandinavian Open 2009"]
[Site "Valby"]
[Date "2009.04.26"]
[Round "11"]
[White "Christensen, Stefan"]
[Black "Danielsen, Henrik"]
[Result "1/2-1/2"]
[WhiteElo "2313"]
[BlackElo "2482"]
[PlyCount "287"]
[EventDate "2009.04.18"]


1. e4 d5 2. exd5 Qxd5 3. Nc3 Qa5 4. d4 Nf6 5. Nf3 c6 6. Bc4 Bg4 7. h3 Bh5 8.
Bd2 Nbd7 9. g4 Bg6 10. Qe2 e6 11. g5 Nh5 12. d5 cxd5 13. Nxd5 Qd8 14. Bb5 Bd6
15. O-O-O O-O 16. Bb4 Bxb4 17. Nxb4 Qa5 18. Rxd7 Qxb4 19. Rd4 Qa5 20. Kb1 Rad8
21. Rhd1 Nf4 22. Qe5 Nd5 23. Bd3 Qb6 24. Ka1 Nb4 25. Bxg6 hxg6 26. Qe2 Rxd4 27.
Rxd4 Rd8 28. Rxd8+ Qxd8 29. a3 Nc6 30. h4 Qd5 31. c3 Na5 32. Ne5 Nb3+ 33. Kb1
Qh1+ 34. Kc2 Na1+ 35. Kd2 Qxh4 36. Qe3 b6 37. Ke2 Nb3 38. Qf3 Qh5 39. Ke1 Qxf3
40. Nxf3 f6 41. Ke2 Kf7 42. Kd3 a6 43. Kc4 Nc5 44. Kd4 Nb3+ 45. Kc4 Na5+ 46.
Kd4 Ke7 47. b4 Nc6+ 48. Kc4 Na7 49. a4 Nc8 50. Nd4 Kd7 51. Nb3 Nd6+ 52. Kd4 Kc6
53. f4 Nf7 54. a5 e5+ 55. fxe5 Nxg5 56. exf6 gxf6 57. axb6 Ne6+ 58. Ke4 Kxb6
59. c4 Kc6 60. Nd2 Kd6 61. Nf3 f5+ 62. Ke3 g5 63. Ne1 Nd8 64. Nd3 Nc6 65. b5
axb5 66. cxb5 Ne5 67. Nf2 Nc4+ 68. Kf3 Kd5 69. Kg3 Ke5 70. Kf3 Kf6 71. Kg3 Kg6
72. Kf3 Kh5 73. Kg3 Nb6 74. Kh3 Nd5 75. Kg3 g4 76. Nd3 Kg5 77. Ne5 f4+ 78. Kg2
Nb6 79. Kh2 Kf5 80. Nf7 Ke4 81. Kg2 Nc4 82. Kf2 g3+ 83. Kg2 Ke3 84. Ng5 Ke2 85.
Ne4 Ne3+ 86. Kg1 Nf5 87. b6 f3 88. Nxg3+ Nxg3 89. b7 f2+ 90. Kh2 Nf1+ 91. Kh3
Ne3 92. b8=Q f1=Q+ 93. Kh4 Qf5 94. Qh2+ Kd3 95. Qd6+ Ke4 96. Qc6+ Kd4 97. Qd6+
Nd5 98. Kg3 Ke4 99. Qc6 Qg5+ 100. Kf2 Qf4+ 101. Kg1 Qg3+ 102. Kh1 Qh4+ 103. Kg1
Qg5+ 104. Kf2 Kd4 105. Qa4+ Ke5 106. Qe8+ Kd6 107. Qf8+ Ne7 108. Qb8+ Kd7 109.
Qb7+ Ke8 110. Qb8+ Kf7 111. Qb3+ Nd5 112. Qf3+ Ke8 113. Qe4+ Kd8 114. Qd4 Qf5+
115. Kg3 Ke8 116. Qh8+ Kf7 117. Qh4 Nf6 118. Qc4+ Kg6 119. Kg2 Qb1 120. Qc6
Qb2+ 121. Kg3 Qe5+ 122. Kg2 Qe2+ 123. Kg3 Qe3+ 124. Kg2 Kg5 125. Qb5+ Kh4 126.
Qf5 Qg3+ 127. Kf1 Qc3 128. Qf2+ Kg5 129. Qg2+ Ng4 130. Qd5+ Kh4 131. Qd8+ Kg3
132. Qd6+ Ne5 133. Ke2 Qc2+ 134. Ke3 Qf5 135. Kd4 Kf4 136. Kc3 Qc8+ 137. Kb3
Qg8+ 138. Kc3 Qc4+ 139. Kb2 Ke4 140. Qe7 Qb5+ 141. Kc3 Qc6+ 142. Kb3 Qd5+ 143.
Kb2 Ke3 144. Qg5+ 1/2-1/2

[Event "Scandinavian Open 2009"]
[Site "Valby"]
[Date "2009.04.26"]
[Round "11"]
[White "Grabarczyk, Miroslaw"]
[Black "Thorfinnsson, Bjorn"]
[Result "1-0"]
[WhiteElo "2469"]
[BlackElo "2422"]
[PlyCount "71"]
[EventDate "2009.04.18"]


1. d4 d5 2. c4 dxc4 3. Nf3 Nf6 4. e3 e6 5. Bxc4 a6 6. O-O b5 7. Be2 Bb7 8. a4
b4 9. Ne5 Nbd7 10. Bf3 Nd5 11. Nxd7 Qxd7 12. Nd2 Rd8 13. Nb3 Be7 14. Qc2 Bc6
15. Na5 Ba8 16. Bd2 O-O 17. Rfc1 e5 18. dxe5 c5 19. Nc4 f6 20. e4 Nc7 21. Be3
Qe6 22. Nd6 fxe5 23. Nf5 Rf7 24. Nxe7+ Qxe7 25. Qxc5 Qf6 26. Rd1 Re8 27. Bh5 g6
28. Bg4 Ne6 29. Bxe6 Qxe6 30. f3 Qb3 31. Rd2 Bc6 32. a5 Rd7 33. Rc1 Red8 34.
Rxd7 Rxd7 35. Bh6 Rd1+ 36. Kf2 1-0

[Event "Scandinavian Open 2009"]
[Site "Valby"]
[Date "2009.04.26"]
[Round "11"]
[White "Lund, Silas"]
[Black "Jacobsen, Bo"]
[Result "0-1"]
[WhiteElo "2430"]
[BlackElo "2325"]
[PlyCount "80"]
[EventDate "2009.04.18"]


1. d4 Nf6 2. c4 c5 3. d5 e5 4. Nc3 d6 5. e4 Nbd7 6. Bd3 Be7 7. Qe2 h5 8. h4 Nf8
9. g3 Ng6 10. Bd2 O-O 11. Nh3 a6 12. a4 Bd7 13. f3 Rb8 14. Nf2 Qc8 15. Nfd1 Bd8
16. Ne3 Ne7 17. a5 Kh8 18. Ncd1 b6 19. axb6 Rxb6 20. Bc3 Neg8 21. Nf2 Nh6 22.
Qc2 Re8 23. O-O g6 24. Kg2 Nfg8 25. Rh1 f5 26. exf5 gxf5 27. Nh3 Rf8 28. Nf4
Rf7 29. Nxh5 Nf6 30. Nxf6 Bxf6 31. Rag1 Bg7 32. f4 Qg8 33. Rf1 e4 34. Be2 Bd4
35. Rd1 Qg7 36. Rhg1 Rf8 37. Rd2 Rfb8 38. Nd1 Rb3 39. Kh2 Rxc3 40. bxc3 Bxg1+
0-1

[Event "Scandinavian Open 2009"]
[Site "Valby"]
[Date "2009.04.26"]
[Round "11"]
[White "Pedersen, Daniel Vesterbaek"]
[Black "Drozdovskij, Yuri"]
[Result "0-1"]
[WhiteElo "2251"]
[BlackElo "2603"]
[PlyCount "84"]
[EventDate "2009.04.18"]


1. e4 e6 2. d4 d5 3. Nc3 Nf6 4. Bg5 dxe4 5. Nxe4 Nbd7 6. Nf3 h6 7. Nxf6+ Nxf6
8. Be3 Nd5 9. Bd2 c5 10. c4 Nf6 11. dxc5 Bxc5 12. b4 Be7 13. Qb1 b6 14. Bd3 Bb7
15. O-O Bxf3 16. gxf3 O-O 17. Be3 Bxb4 18. Be4 Bc3 19. Bxa8 Qxa8 20. Kg2 Rc8
21. Rc1 Bxa1 22. Qxa1 Nd7 23. Qd4 Qc6 24. Rd1 Nf8 25. Rc1 Ng6 26. c5 bxc5 27.
Rxc5 Qxc5 28. Qxc5 Rxc5 29. Bxc5 a6 30. f4 Nxf4+ 31. Kf3 e5 32. Ke3 f6 33. Kd2
Kf7 34. Kc3 Ke8 35. Kb4 Nd3+ 36. Kc4 Nxc5 37. Kxc5 e4 38. a4 f5 39. h4 g5 40.
hxg5 hxg5 41. a5 f4 42. Kb6 e3 0-1

[Event "Scandinavian Open 2009"]
[Site "Valby"]
[Date "2009.04.26"]
[Round "11"]
[White "Sachdev, Tania"]
[Black "Hoi, Carsten"]
[Result "1/2-1/2"]
[WhiteElo "2423"]
[BlackElo "2387"]
[PlyCount "52"]
[EventDate "2009.04.18"]


1. d4 d5 2. c4 dxc4 3. Nf3 Nf6 4. e3 Bg4 5. Bxc4 e6 6. Nc3 a6 7. h3 Bh5 8. O-O
Nc6 9. a3 Bd6 10. Be2 O-O 11. b4 Nd5 12. Ne4 f5 13. Nxd6 cxd6 14. Bb2 Rc8 15.
Qd3 Qd7 16. Rfc1 Nce7 17. Rxc8 Rxc8 18. Rc1 Rxc1+ 19. Bxc1 b5 20. Qc2 Qb7 21.
Bd2 Nb6 22. Be1 h6 23. Qc1 Kf8 24. Qc2 Kg8 25. Qc1 Kf8 26. Qc2 Kg8 1/2-1/2